000 02065cab a2200241 4500
001 L130581
008 050815n2005 000 0 eng u
035 _a(Sirsi) u130581
041 _aeng
245 4 _aThe Queen on the application of the Council for National Parks Ltd v the Pembrokeshire Coast National Park Authority and others
260 _c2005
520 _a[2005] EWCA Civ 888, 20 July 2005. Discussed what constitute the material considerations that allow a planning authority to deviate from a development plan. Appeal against an earlier ruling ([2004] EWHC 2907 Admin, Abs68760) on the grounds that as the benefits of the development of a holiday village would be local rather than national they did not to satisfy para GE4 of the Pembrokeshire Coast National Park Local Plan, the relevant development plan under the Town and Country Planning Act 1990 s54A. "Held": the appeal was dismissed as P was ruled to have considered the development plan but that there were other material considerations including the guidance given in "Planning policy Wales" and the National Parks and Access to the Countryside Act 1949 s11A. These required P to consider the impact of permitting or refusing the development on the local economy and to foster the economic wellbeing of local communities within the park. Appeal to allow full hearing in HL failed in November 2005.
590 _aIKA160805
650 _aR V PEMBROKESHIRE COAST NATIONAL PARK AUTHORITY AND OTHERS EX P NATIONAL PARKS LTD
650 _aNATIONAL PARKS AND ACCESS TO THE COUNTRYSIDE ACT 1949
650 _aTOWN AND COUNTRY PLANNING ACT 1990
650 _aEDINBURGH CITY COUNCIL V SOS SCOTLAND
650 _aSIMPSON V EDINBURGH CORPORATION
650 _aBUCKLAND AND ANOTHER V SOS ENVIRONMENT, TRANSPORT AND THE REGIONS AND ANOTHER
690 _aENVIRONMENTAL AND LAND CONSULTANCY-PLANNING AND DEVELOPMENT-PLANNING GUIDANCE-LOCAL DEVELOPMENT PLANS
856 _uhttps://www.bailii.org/ew/cases/EWCA/Civ/2005/888.html
_zView the item free of charge at www.bailii.org...
942 _n0
999 _c75714
_d75714